<?xml version="1.0" encoding="UTF-8"?>
<record
    xmlns:xsi="http://www.w3.org/2001/XMLSchema-instance"
    xsi:schemaLocation="http://www.loc.gov/MARC21/slim http://www.loc.gov/standards/marcxml/schema/MARC21slim.xsd"
    xmlns="http://www.loc.gov/MARC21/slim">

  <leader>00340nam a22001337a 4500</leader>
  <controlfield tag="005">20260119114439.0</controlfield>
  <controlfield tag="008">260119b        |||||||| |||| 00| 0 eng d</controlfield>
  <datafield tag="020" ind1=" " ind2=" ">
    <subfield code="a">978-1-85326-004-9</subfield>
  </datafield>
  <datafield tag="100" ind1=" " ind2=" ">
    <subfield code="a">DICKENS, CHARLES</subfield>
  </datafield>
  <datafield tag="245" ind1=" " ind2=" ">
    <subfield code="a">GREAT EXPECTATIONS</subfield>
  </datafield>
  <datafield tag="260" ind1=" " ind2=" ">
    <subfield code="a">WARE</subfield>
    <subfield code="b">WORDSWORTH CLASSICS</subfield>
    <subfield code="c">1992</subfield>
  </datafield>
  <datafield tag="300" ind1=" " ind2=" ">
    <subfield code="a">XVII,423P.</subfield>
  </datafield>
  <datafield tag="942" ind1=" " ind2=" ">
    <subfield code="2">lcc</subfield>
    <subfield code="c">BK</subfield>
  </datafield>
  <datafield tag="999" ind1=" " ind2=" ">
    <subfield code="c">216480</subfield>
    <subfield code="d">216480</subfield>
  </datafield>
  <datafield tag="952" ind1=" " ind2=" ">
    <subfield code="0">0</subfield>
    <subfield code="1">0</subfield>
    <subfield code="2">lcc</subfield>
    <subfield code="4">0</subfield>
    <subfield code="6">PR4560 A1 D53  01992</subfield>
    <subfield code="7">0</subfield>
    <subfield code="8">FICT</subfield>
    <subfield code="9">374647</subfield>
    <subfield code="a">KSUL</subfield>
    <subfield code="b">KSUL</subfield>
    <subfield code="c">FIC</subfield>
    <subfield code="d">2026-01-19</subfield>
    <subfield code="i">110941</subfield>
    <subfield code="l">1</subfield>
    <subfield code="o">PR 4560.A1 .D53 1992</subfield>
    <subfield code="p">000000018390</subfield>
    <subfield code="r">2026-04-10 13:44:05</subfield>
    <subfield code="s">2026-03-30</subfield>
    <subfield code="t">C.1</subfield>
    <subfield code="w">2026-01-19</subfield>
    <subfield code="y">BK</subfield>
  </datafield>
  <datafield tag="952" ind1=" " ind2=" ">
    <subfield code="0">0</subfield>
    <subfield code="1">0</subfield>
    <subfield code="2">lcc</subfield>
    <subfield code="4">0</subfield>
    <subfield code="6">PR4560 A1 D53  01992</subfield>
    <subfield code="7">0</subfield>
    <subfield code="8">FICT</subfield>
    <subfield code="9">374648</subfield>
    <subfield code="a">KSUL</subfield>
    <subfield code="b">KSUL</subfield>
    <subfield code="c">FIC</subfield>
    <subfield code="d">2026-01-19</subfield>
    <subfield code="i">110942</subfield>
    <subfield code="l">0</subfield>
    <subfield code="o">PR 4560.A1 .D53 1992</subfield>
    <subfield code="p">000000018391</subfield>
    <subfield code="r">2026-01-19 11:46:00</subfield>
    <subfield code="t">C.2</subfield>
    <subfield code="w">2026-01-19</subfield>
    <subfield code="y">BK</subfield>
  </datafield>
  <datafield tag="952" ind1=" " ind2=" ">
    <subfield code="0">0</subfield>
    <subfield code="1">0</subfield>
    <subfield code="2">lcc</subfield>
    <subfield code="4">0</subfield>
    <subfield code="6">PR4560 A1 D53  01992</subfield>
    <subfield code="7">0</subfield>
    <subfield code="8">FICT</subfield>
    <subfield code="9">374649</subfield>
    <subfield code="a">KSUL</subfield>
    <subfield code="b">KSUL</subfield>
    <subfield code="c">FIC</subfield>
    <subfield code="d">2026-01-19</subfield>
    <subfield code="i">110943</subfield>
    <subfield code="l">1</subfield>
    <subfield code="o">PR 4560.A1 .D53 1992</subfield>
    <subfield code="p">000000018392</subfield>
    <subfield code="r">2026-02-24 14:12:00</subfield>
    <subfield code="s">2026-02-12</subfield>
    <subfield code="t">C.3</subfield>
    <subfield code="w">2026-01-19</subfield>
    <subfield code="y">BK</subfield>
  </datafield>
  <datafield tag="952" ind1=" " ind2=" ">
    <subfield code="0">0</subfield>
    <subfield code="1">0</subfield>
    <subfield code="2">lcc</subfield>
    <subfield code="4">0</subfield>
    <subfield code="6">PR4560 A1 D53  01992</subfield>
    <subfield code="7">0</subfield>
    <subfield code="8">FICT</subfield>
    <subfield code="9">374650</subfield>
    <subfield code="a">KSUL</subfield>
    <subfield code="b">KSUL</subfield>
    <subfield code="c">FIC</subfield>
    <subfield code="d">2026-01-19</subfield>
    <subfield code="i">110944</subfield>
    <subfield code="l">1</subfield>
    <subfield code="o">PR 4560.A1 .D53 1992</subfield>
    <subfield code="p">000000023778</subfield>
    <subfield code="r">2026-03-05 10:59:07</subfield>
    <subfield code="s">2026-02-24</subfield>
    <subfield code="t">C.4</subfield>
    <subfield code="w">2026-01-19</subfield>
    <subfield code="y">BK</subfield>
  </datafield>
</record>
